कल्याणकारी आविष्कार एवं खोजें / (Record no. 120085)
[ view plain ]
| 000 -LEADER | |
|---|---|
| fixed length control field | 01110nam a22002537a 4500 |
| 005 - DATE AND TIME OF LATEST TRANSACTION | |
| control field | 20170124103152.0 |
| 010 ## - LIBRARY OF CONGRESS CONTROL NUMBER | |
| LC control number | B-151423 |
| 020 ## - INTERNATIONAL STANDARD BOOK NUMBER | |
| Terms of availability | 195.00 |
| International Standard Book Number | 8187472286 |
| 035 ## - SYSTEM CONTROL NUMBER | |
| System control number | B-151423 |
| 037 ## - SOURCE OF ACQUISITION | |
| Source of stock number/acquisition | Cen Lib/Ret |
| 040 ## - CATALOGING SOURCE | |
| Original cataloging agency | DPL |
| Language of cataloging | HN |
| 082 ## - DEWEY DECIMAL CLASSIFICATION NUMBER | |
| Classification number | 608 |
| Item number | सूदमो |
| 100 ## - MAIN ENTRY--PERSONAL NAME | |
| Personal name | सूद, मोना |
| 9 (RLIN) | 2233 |
| 245 ## - TITLE STATEMENT | |
| Title | कल्याणकारी आविष्कार एवं खोजें / |
| Statement of responsibility, etc | मोना सूद |
| 246 ## - VARYING FORM OF TITLE | |
| Title proper/short title | Kalyankari aavishkar evam khojein / |
| Remainder of title | by Mona Sood |
| 260 ## - PUBLICATION, DISTRIBUTION, ETC. (IMPRINT) | |
| Place of publication, distribution, etc | नई दिल्ली |
| Name of publisher, distributor, etc | विजय पब्लिशर्स |
| Date of publication, distribution, etc | 2004 |
| 270 ## - ADDRESS | |
| Address | 5, गोला मार्किट , दरियागंज |
| City | नई दिल्ली |
| Postal code | 110002 |
| 300 ## - PHYSICAL DESCRIPTION | |
| Extent | 176पृ. |
| Dimensions | 21सेमी (सजिल्द) |
| 650 ## - SUBJECT ADDED ENTRY--TOPICAL TERM | |
| Topical term or geographic name as entry element | विज्ञान - इतिहास। |
| 9 (RLIN) | 88464 |
| 650 ## - SUBJECT ADDED ENTRY--TOPICAL TERM | |
| Topical term or geographic name as entry element | वैज्ञानिकों का मानना है - जीवनी। |
| 9 (RLIN) | 88465 |
| 650 ## - SUBJECT ADDED ENTRY--TOPICAL TERM | |
| Topical term or geographic name as entry element | Science -- History. |
| 9 (RLIN) | 17841 |
| 650 ## - SUBJECT ADDED ENTRY--TOPICAL TERM | |
| Topical term or geographic name as entry element | Scientists -- Biography. |
| 9 (RLIN) | 39965 |
| 942 ## - ADDED ENTRY ELEMENTS (KOHA) | |
| Source of classification or shelving scheme | Dewey Decimal Classification |
| Koha item type | Hindi Books |
| Classification part | 608 |
| Call number suffix | सूदमो |
| Withdrawn status | Lost status | Damaged status | Not for loan | Home library | Current library | Date acquired | Source of acquisition | Cost, normal purchase price | Total Checkouts | Full call number | Barcode | Date last seen | Copy number | Cost, replacement price | Price effective from | Koha item type |
|---|---|---|---|---|---|---|---|---|---|---|---|---|---|---|---|---|
| Central Library | Central Library | 21/09/2015 | Cen Lib/Ret | 195.00 | 608 सूदमो | B-151423 | 21/09/2015 | 1 | 195.00 | 21/09/2015 | Hindi Books |
